000 00505nam a2200157 4500
001 114350
003 ES-MaACL
005 20230906190133.0
007 t|
008 061121s1972 sp r ||||1| spa d
100 1 _aOrtiz de Lanzagorta, José Luis.
_987597
245 1 0 _aNarrativa andaluza
_b: 12 diálogos de urgencia /
_cJosé Luis Ortiz de Lanzagorta.
260 _aSevilla :
_bPublicaciones de la Universidad,
_c1972.
300 _a207 p. :
_bil. ;
_c19 cm.
852 _aES-MaACL
_jC-50209
_bR.81193
999 _c114350
_d114350